|
|
|
|
| LEADER |
01940nam a2200433 a 4500 |
| 001 |
45799 |
| 003 |
BD-DhAAL |
| 005 |
20260519172821.0 |
| 008 |
260518t2009 enkab b 001 0 eng d |
| 010 |
|
|
|a 2009281156
|
| 015 |
|
|
|a GBA930391
|2 bnb
|
| 016 |
7 |
|
|a 014937422
|2 Uk
|
| 020 |
|
|
|a 9780521880473
|
| 020 |
|
|
|a 0521880475
|
| 020 |
|
|
|a 9780521706636
|
| 020 |
|
|
|a 0521706637
|
| 035 |
|
|
|a 15875008
|
| 035 |
|
|
|a (OCoLC)271822344
|
| 040 |
|
|
|a AU@
|c AU@
|d BTCTA
|d YDXCP
|d UKM
|d BWX
|d OCLCQ
|d CDX
|d DLC
|d BD-DhAAL
|
| 042 |
|
|
|a lccopycat
|
| 043 |
|
|
|a a-ja---
|
| 050 |
0 |
0 |
|a DS822.5
|b .C365 2009
|
| 082 |
0 |
4 |
|a 952.04
|2 22
|
| 245 |
0 |
4 |
|a The cambridge companion to modern Japanese culture /
|c edited by Yoshio Sugimoto.
|
| 246 |
3 |
0 |
|a Modern Japanese culture
|
| 260 |
|
|
|a Cambridge [England] ;
|a New York :
|b Cambridge University Press,
|c 2009.
|
| 300 |
|
|
|a xv, 413 pages :
|b ill., maps ;
|c 23 cm
|
| 490 |
1 |
|
|a Cambridge companions to culture
|
| 504 |
|
|
|a Includes bibliographical references (p. [369]-400) and index.
|
| 526 |
8 |
|
|a AAL
|
| 541 |
1 |
|
|a Donated by Embassy of Japan in Bangladesh, Read Japan Project 2025, The Tokyo Foundation, supported by The Nippon Foundation.
|e 45806
|
| 651 |
|
0 |
|a Japan
|x Civilization
|y 1945-
|9 60540
|
| 651 |
|
0 |
|a Japan
|x Social conditions
|y 1945-
|9 60526
|
| 700 |
1 |
|
|a Sugimoto, Yoshio,
|d 1939-
|9 60861
|
| 830 |
|
0 |
|a Cambridge companions to culture.
|9 60862
|
| 852 |
1 |
|
|a Ayesha Abed Library
|c General Stacks
|
| 942 |
|
|
|2 ddc
|c BK
|
| 999 |
|
|
|c 47983
|d 47983
|
| 952 |
|
|
|0 0
|1 0
|2 ddc
|4 0
|6 952_040000000000000_CAM
|7 0
|9 79230
|a BRACUL
|b BRACUL
|d 2026-05-18
|e Donated by Embassy of Japan in Bangladesh, Read Japan Project 2025, The Tokyo Foundation, supported by The Nippon Foundation.
|l 0
|o 952.04 CAM
|p 3010045799
|r 2026-05-18
|t 1
|w 2026-05-18
|y BK
|x Donated copy received from Embassy of Japan in Bangladesh, Read Japan Project 2025, The Tokyo Foundation, supported by The Nippon Foundation on 08 April 2026; $137.14 Amazon.com
|